| 000 | 01093naa a2200265 c 4500 | ||
|---|---|---|---|
| 001 | 49262 | ||
| 999 |
_c49262 _d49262 |
||
| 003 | ES-MaCES | ||
| 005 | 20170420133045.0 | ||
| 008 | 170420s2016 sp ||||| t||||||| ||spa d | ||
| 040 |
_aES-MaCES _bspa _cES-MaCES _dES-MaCES |
||
| 100 | 1 |
_922524 _aRojo Torrecilla, Eduardo |
|
| 245 | 1 | 0 |
_aDocumento FIDE "Por un nuevo marco legal legislativo laboral _b: Análisis de un texto de obligada lectura y atención _cEduardo Rojo Torrecilla |
| 650 | 4 |
_927165 _aderecho del trabajo |
|
| 650 | 4 |
_928369 _arelaciones laborales |
|
| 650 | 4 |
_928362 _anegociación colectiva |
|
| 650 | 4 |
_928323 _acontratación |
|
| 650 | 4 |
_930174 _aflexibilidad del trabajo |
|
| 650 | 4 |
_927166 _alegislación del trabajo |
|
| 650 | 4 |
_929892 _areforma legislativa |
|
| 650 | 4 |
_929004 _aasesoramiento jurídico |
|
| 653 | 1 | 0 | _aRelaciones laborales-Empleo |
| 773 | 0 |
_985692 _dMadrid Lefebvre El Derecho 2015- _o088590 _tDerecho de las relaciones laborales _w(ES-MaCES)46200 _gn. 11 (dic. 2016) {55/1131 R. 088590} ;p. 1078-1089 |
|
| 902 | _aART Artículo de revista | ||
| 942 |
_2CES _cAR _h2.0. |
||